| 000 | 00726nam a2200241 4500 | ||
|---|---|---|---|
| 001 | 73698 | ||
| 005 | 20260525120238.0 | ||
| 010 | _a9789899103306 | ||
| 090 | _a73698 | ||
| 100 | _a20260525d2024 m||y0pory50030103ba | ||
| 101 | 1 | _apor | |
| 102 | _aPT | ||
| 200 | 1 |
_aA história do mundo _edo Big Bang até aos dias de hoje _fPeter Frankopan _gtrad. Luís Santos |
|
| 210 | 9 |
_aLisboa _cCrítica _d2024 |
|
| 215 |
_a693 p., [16] p. il _cil. |
||
| 304 | _aTít. orig.: The Earth Transformed - As Untold History | ||
| 675 |
_a94(100)".../20" _vBN _zpor |
||
| 675 |
_a504.61(091) _vBN _zpor |
||
| 675 |
_a930.85 _vBN _zpor |
||
| 700 |
_aFrankopan _bPeter _f1971- _952892 |
||
| 702 |
_aSantos _bLuís _941274 _4730 |
||
| 801 | 0 |
_aPT _bBN _gRPC |
|
| 942 |
_cMON _n0 |
||